• 首页
  • 本馆介绍
  • 公告通知
  • 最新文献
  • 馆藏检索
  • 电子资源
  • 读者导购
  • 参考咨询
  • 我的图书馆
  • 登录
  • 详细信息显示
  • 放入我的书架
  • 预约/预借图书
  • 作者相关作品
  • 分类相关作品
  • 丛书相关作品
  • 出版社相关作品

书目信息

  • 表格格式
  • 工作单格式
  • 卡片格式
题名:
海洋声学原理
    
 
作者: 凯鲁泽 著 ;杨祯先 , 董学明 译
分册:  
出版信息: 北京   科学出版社  1983
页数: 158页
开本: 19cm
丛书名:
单 册:
中图分类: P733.2
科图分类:
主题词: 海洋学--基础理论
电子资源:
ISBN:
000 00691nam0 2200241 45
001 0405250873
005 20040525085206.6
010    @dCNY0.85
091    @a13031.218
100    @a20040525d1983 km y0chiy0120 ea
101 0  @achi
105    @a z 000yy
200 1  @a海洋声学原理@AHai Yang Sheng Xue Yuan Li@f()J.W凯鲁泽著@F()J.W Kai Lu Ze Zhu@g杨祯先,董学明译
210    @a北京@c科学出版社@d1983
215    @a158页@d19cm
300    @a书末附:中英术语对照表
606 0  @a海洋学@x基础理论
690    @aP733.2@v3
701  0 @a凯鲁泽@4著
702  0 @a杨祯先@AYang Zhen Xian@4译
702  0 @a董学明@ADong Xue Ming@4译
801    @aCN@bPftUser@c20040525
905    @f1@b93854@dP733.2@e8
    
    海洋声学原理/()J.W凯鲁泽著/杨祯先,董学明译.-北京:科学出版社,1983
    158页;19cm
    书末附:中英术语对照表
    
    ISBN :CNY0.85
    
●
相关链接 在E读中查询图书 在五车中查询图书 在当当中查询图书 在豆瓣中查询图书


正题名:海洋声学原理     索取号:P733.2/8         预约/预借

序号 登录号 条形码 馆藏地/架位号 状态 备注
1 0093854   000624863   第三借阅区/ [索取号:P733.2/8] 在馆    
2 0093855   202122363   第二样本阅览室/ [索取号:P733.2/8] 在馆    
唐山师范学院图书馆 欢迎您!
大连网信软件有限公司© 版权所有